Statistics for Seychelles Country Quiz

Click here to take the quiz!

General Stats

  • This quiz has been taken 7,360 times
    (7,315 since last reset)
  • The average score is 12 of 18

Answer Stats

QuestionAnswer% Correct
Ocean in which Seychelles lies{Indian} Ocean
99%
Official languagesEnglish
98%
It is also the _____ country in Africa at just 459 square kmSmallest
97%
Island country which lies closest to SeychellesMadagascar
93%
Official languagesFrench
93%
Population of Seychelles in the year 17000
92%
Per-capita, Seychelles is the _____ country in AfricaRichest
91%
Capital cityVictoria
71%
Explorer who sighted Seychelles (but didn't stop) in 1503Vasco da Gama
70%
Seychelles is home to the world's largest population of these reptiles,
which can exceed 250 kg in weight
Giant {Tortoise}
62%
Official languagesSeychellois Creole
55%
The coco de mer, endemic to Seychelles, is the plant which produces
the world's heaviest _____, up to 30 kg in weight
Seed
53%
Food product that constitutes 82% of exportsFish
47%
Someone from Peru is Peruvian. What is someone from Seychelles called?Seychellois
46%
43 mercenaries from this country staged an attempted coup in 1981South Africa
37%
Official currencyRupee
33%
Largest island of SeychellesMahé
23%
"Benevolent dictator" who led Seychelles from 1977–2004France-Albert René
18%

Score Distribution

Percentile by Number Answered

Percent of People with Each Score

Your Score History

You have not taken this quiz since the last reset